| 000 | 00388nam a2200145Ia 4500 | ||
|---|---|---|---|
| 008 | 230917s9999||||xx |||||||||||||| ||und|| | ||
| 040 |
_e70457 _aMAIN |
||
| 041 | _aEnglish | ||
| 082 | _a339.41 P314S | ||
| 100 | _aPearce, D W | ||
| 245 | 4 | _aThe social appraisal of projects: a text in cost benefit analysis | |
| 260 |
_aLondon _bMacmillan _c1981 |
||
| 300 | _axiv, 225 p. | ||
| 942 | _cBK | ||
| 999 |
_c218160 _d218160 |
||